Statistics for Mexican States

Click here to take the quiz!

General Stats

  • This quiz has been taken 1,338 times
  • The average score is 20 of 31

Answer Stats

States% Correct
Baja California
91%
México
89%
Chihuahua
83%
Yucatán
82%
Baja California Sur
74%
Sonora
73%
Jalisco
71%
Oaxaca
71%
Nuevo León
69%
Sinaloa
69%
Veracruz
69%
Quintana Roo
67%
Chiapas
65%
Aguascalientes
63%
Michoacán
63%
Tabasco
63%
Zacatecas
63%
Durango
62%
Guerrero
61%
Puebla
61%
Tamaulipas
58%
Coahuila
57%
Hidalgo
54%
Nayarit
53%
Guanajuato
52%
Campeche
51%
San Luis Potosí
51%
Colima
50%
Morelos
48%
Querétaro
47%
Tlaxcala
46%

Score Distribution

Percentile by Number Answered

Percent of People with Each Score

Your Score History

You have not taken this quiz